000 00543nam a22001817a 4500
005 20221126123738.0
008 221126b ||||| |||| 00| 0 eng d
040 _cAL
041 _aEnglish
082 _223
_a362.1
_bVOLV
100 _aVoluntary Health Association of India
_963937
245 _aVhai in 2000-2001
260 _aNew Delhi
_bVoluntary Health Association of India
_c2001
300 _av62 p.
_bPB
_c25x19 cm.
650 _aSelf-care Health
_963938
700 _aVOLUNTARY HEALTH ASSOCIATION OF INDIA
_963939
942 _2ddc
_cGF
999 _c225362
_d225362